NF - FEAR Lyrics - Statistics

General Stats
  • This quiz has been taken 66 times
  • The average score is 35 of 50
Answer Stats
Answer % Correct
{Knocking} at my door again
100%
Let you back into my {life}
100%
Beggin' me to come {outside}
96%
{Darkness} holds out his hand, then we walk to the floor
96%
Hello {darkness}, my old friend (Hello)
96%
So go ahead and {come on in}
96%
So go ahead and {come on in}
96%
So go ahead and {come on... in}
96%
Now, usually I'd be {strong enough}
93%
Maybe I should take the {pills}, don't (Whoa)
89%
To {lock} the doors and keep 'em shut
89%
But not today, I'm {desperate} {(Desperate)}
87%
Prayin' to God, {desperate}
87%
"Face your {fear}s, dry your eyes"
76%
Made a promise, told myself I wouldn't let the {fear} back in but then I did though (Whoa)
76%
Is this what You {wanted}?
73%
(Is this what You {wanted}?)
73%
(Is this what You {wanted}?)
73%
(Is this what You {wanted}?)
73%
(Is this what You {wanted}?)
73%
Is this what You {wanted}? Is this what You {wanted}?
73%
Is this what You {wanted}? Is this what You {wanted}?
73%
(Is this what You {wanted}, what You {wanted}? Is this what You {wanted}?)
73%
(Is this what You {wanted}, what You {wanted}? Is this what You {wanted}?)
73%
{Lost} a friend, {lost} my home, {lost} my faith, {lost} my voice
73%
{Lost} the keys, {lost} my hope, {lost} my will, {lost} my joy
73%
Some days I actually think I might be {schizo}- (Whoa)
71%
Standing back, watching my {mansion} burn to ash while I
67%
Standing back, watching my {mansion} burn to ash while I
67%
{Know} what goin' on with me
64%
Told the world that I was sick of {runnin'} then went back to {runnin'}, what a joke (Whoa)
64%
Hangin' on by a {thread}
62%
{Help me}, God, {help me}, Lord
62%
Every {decision} made isn't mine anymore
60%
{Grandma} died, what's the point?
58%
Empty {heart}, nothing left
56%
Hold the {gas can} asking God if He started this fire
56%
Hold the {gas can} asking God if He started this fire
56%
I thought I finally had finally made a {breakthrough}, guess not (Oh, oh, oh)
56%
On the verge, on the {edge}
56%
Breakin' {down}, spiralin'
51%
{Disappointed}? Yeah, me too
51%
Like a {puppet} with {strings}, I just don't have a choice
51%
What's the {truth}?, what's a {lie}?
51%
Give me a {false sense} of peace just to show me what peace really is
49%
{OCD} is worse than ever, {hands} are bleedin'
49%
Make all my hopes and my dreams come to life just to {lay them to rest}
47%
It's the same {song} and {dance}, you've all seen it before
42%
{Petrified}, scared to death
42%
{Phrenic}, prolly not, but even writin' this is makin' me begin to {spiral}, oh God (Oh, oh, oh)
40%
No matching quizzes found
Score Distribution
Percent of People with Each Score
Percentile by Number Answered
Your Score History
You have not taken this quiz